GNSS — Global Navigation Satellite Systems GPS, GLONASS, Galileo, and more /

“GNSS - GPS, GLONASS, Galileo and more” is the extension of the scientific bestseller “GPS - Theory and Practice” to Global Navigation Satellite Systems (GNSS) and includes the Russian GLONASS, the European system Galileo, and additional systems. The book refers to GNSS in the generic sense to descr...

Πλήρης περιγραφή

Λεπτομέρειες βιβλιογραφικής εγγραφής
Κύριοι συγγραφείς: Hofmann-Wellenhof, Bernhard (Συγγραφέας), Lichtenegger, Herbert (Συγγραφέας), Wasle, Elmar (Συγγραφέας)
Συγγραφή απο Οργανισμό/Αρχή: SpringerLink (Online service)
Μορφή: Ηλεκτρονική πηγή Ηλ. βιβλίο
Γλώσσα:English
Έκδοση: Vienna : Springer Vienna, 2008.
Θέματα:
Διαθέσιμο Online:Full Text via HEAL-Link
LEADER 02888nam a22004695i 4500
001 978-3-211-73017-1
003 DE-He213
005 20151204152256.0
007 cr nn 008mamaa
008 100715s2008 au | s |||| 0|eng d
020 |a 9783211730171  |9 978-3-211-73017-1 
024 7 |a 10.1007/978-3-211-73017-1  |2 doi 
040 |d GrThAP 
050 4 |a GA1-1776 
072 7 |a RGW  |2 bicssc 
072 7 |a SCI030000  |2 bisacsh 
072 7 |a TEC036000  |2 bisacsh 
082 0 4 |a 910.285  |2 23 
100 1 |a Hofmann-Wellenhof, Bernhard.  |e author. 
245 1 0 |a GNSS — Global Navigation Satellite Systems  |h [electronic resource] :  |b GPS, GLONASS, Galileo, and more /  |c by Bernhard Hofmann-Wellenhof, Herbert Lichtenegger, Elmar Wasle. 
264 1 |a Vienna :  |b Springer Vienna,  |c 2008. 
300 |a XXX, 518 p. 95 illus.  |b online resource. 
336 |a text  |b txt  |2 rdacontent 
337 |a computer  |b c  |2 rdamedia 
338 |a online resource  |b cr  |2 rdacarrier 
347 |a text file  |b PDF  |2 rda 
505 0 |a Reference systems -- Satellite orbits -- Satellite signals -- Observables -- Mathematical models for positioning -- Data processing -- Data transformation -- GPS -- Glonass -- Galileo -- More on GNSS -- Applications -- Conclusion and outlook. 
520 |a “GNSS - GPS, GLONASS, Galileo and more” is the extension of the scientific bestseller “GPS - Theory and Practice” to Global Navigation Satellite Systems (GNSS) and includes the Russian GLONASS, the European system Galileo, and additional systems. The book refers to GNSS in the generic sense to describe the various existing reference systems for coordinates and time, the satellite orbits, the satellite signals, observables, mathematical models for positioning, data processing, and data transformation. With respect to the individual systems GPS, GLONASS, Galileo and more, primarily the specific reference systems, services, the space and the control segment, as well as satellite signals are described. Furthermore, augmentations by space- and ground-based systems are discussed. This book is a university-level introductory textbook and is intended to serve as a reference for students as well as for professionals and scientists in the fields of geodesy, surveying engineering, navigation, and related disciplines. 
650 0 |a Geography. 
650 0 |a Geophysics. 
650 0 |a Geographical information systems. 
650 1 4 |a Geography. 
650 2 4 |a Geographical Information Systems/Cartography. 
650 2 4 |a Geophysics/Geodesy. 
700 1 |a Lichtenegger, Herbert.  |e author. 
700 1 |a Wasle, Elmar.  |e author. 
710 2 |a SpringerLink (Online service) 
773 0 |t Springer eBooks 
776 0 8 |i Printed edition:  |z 9783211730126 
856 4 0 |u http://dx.doi.org/10.1007/978-3-211-73017-1  |z Full Text via HEAL-Link 
912 |a ZDB-2-EES 
950 |a Earth and Environmental Science (Springer-11646)